Sports Quiz

Random Sports or Olympics Quiz
Score 0/20 Timer 06:00
0 Plays Today
% Correct
Moscow, USSR - 1980 Summer Olympics
93.7%
Berlin, Germany - 1936 Summer Olympics
85.5%
Salt Lake City, USA - 2002 Winter Olympics
72.4%
London, UK - 2012 Summer Olympics
69.4%
Athens, Greece - 2004 Summer Olympics
67.4%
Beijing, China - 2008 Summer Olympics
66.7%
Munich, West Germany - 1972 Summer Olympics
59.2%
Turin, Italy - 2006 Winter Olympics
58.3%
Atlanta, USA - 1996 Summer Olympics
57.5%
Vancouver, Canada - 2010 Winter Olympics
57.4%
% Correct
Mexico City, Mexico - 1968 Summer Olympics
53.9%
Los Angeles, USA - 1984 Summer Olympics
53.2%
Seoul, South Korea - 1988 Summer Olympics
52.2%
Calgary, Canada - 1988 Winter Olympics
48%
Barcelona, Spain - 1992 Summer Olympics
41.2%
Lillehammer, Norway - 1994 Winter Olympics
36.4%
Sarajevo, Yugoslavia - 1984 Winter Olympics
28.2%
Sydney, Australia - 2000 Summer Olympics
26.7%
Lake Placid, USA - 1980 Winter Olympics
23.6%
Albertville, France - 1992 Winter Olympics
12.5%
Remove Ads.
Support Sporcle.
Get the best of Sporcle when you Go Orange. This ad-free experience offers more features, more stats, and more fun while also helping to support Sporcle. Thank you for becoming a member.

You're not logged in!

Compare scores with friends on all Sporcle quizzes.
OR
Log In

Show Comments

Extras

Top Quizzes Today


Score Distribution

Your Account Isn't Verified!

In order to create a playlist on Sporcle, you need to verify the email address you used during registration. Go to your Sporcle Settings to finish the process.

Report this User

Report this user for behavior that violates our Community Guidelines.

Details: